Catálogo
 En Linea

Informe que al honorable Congreso Nacional presenta la Cámara de Cuentas de de la República relativo a la recaudación é inversión de las rentas fiscales, municipales y del Consejo Administrativo del Distrito de Santo Domingo corespondiente al año 1939. (Registro nro. 36164)

Detalles MARC
000 -CABECERA
campo de control de longitud fija 00709nam a2200145 a 4500
001 - NÚMERO DE CONTROL
campo de control 000036673
005 - FECHA Y HORA DE LA ÚLTIMA TRANSACCIÓN
campo de control 20200930075851.0
008 - DATOS DE LONGITUD FIJA--INFORMACIÓN GENERAL
campo de control de longitud fija 110726s1940 dr 000 0 spa d
040 ## - FUENTE DE LA CATALOGACIÓN
Centro catalogador/agencia de origen DO-SdBNP
Lengua de catalogación spa
Centro/agencia transcriptor BNPHU
110 1# - ENTRADA PRINCIPAL--NOMBRE DE ENTIDAD CORPORATIVA
Nombre de entidad corporativa o nombre de jurisdicción como elemento de entrada República Dominicana
9 (RLIN) 447
245 10 - MENCIÓN DE TÍTULO
Título Informe que al honorable Congreso Nacional presenta la Cámara de Cuentas de de la República relativo a la recaudación é inversión de las rentas fiscales, municipales y del Consejo Administrativo del Distrito de Santo Domingo corespondiente al año 1939.
260 ## - PUBLICACIÓN, DISTRIBUCIÓN, ETC.
Lugar de publicación, distribución, etc. Ciudad Trujillo, República Dominicana :
Nombre del editor, distribuidor, etc. Imp. Listin Diario,
Fecha de publicación, distribución, etc. 1940.
300 ## - DESCRIPCIÓN FÍSICA
Extensión 28 + p. ;
Dimensiones 31 cm.
590 ## - NOTA LOCAL (RLIN)
Nota local Perteneció a la biblioteca personal de Julio Ortega Frier.
Existencias
Estado de retiro Estado de pérdida No para préstamo Código de colección Localización permanente Ubicación/localización actual Ubicación en estantería Fecha de adquisición Número de inventario Total de préstamos Signatura topográfica completa Código de barras Fecha visto por última vez Precio válido a partir de Tipo de ítem Koha Nota pública
    Excluido de préstamo Patrimonio Dominicano Patrimonio Dominicano Patrimonio Dominicano Depósito 24.01.2012 LF1   36673-10 25.06.2020 25.06.2020 Libro y Folleto Colección Patrimonio Dominicano Perteneció a la biblioteca personal de Julio Ortega Frier.

Con tecnología Koha